Harry Potter And The Goblet of Fire (Record no. 55242)

MARC details
000 -LEADER
fixed length control field 03096nam a22004817a 4500
003 - CONTROL NUMBER IDENTIFIER
control field dpl
005 - DATE AND TIME OF LATEST TRANSACTION
control field 2008090303483.0
007 - PHYSICAL DESCRIPTION FIXED FIELD--GENERAL INFORMATION
fixed length control field DVD
008 - FIXED-LENGTH DATA ELEMENTS--GENERAL INFORMATION
fixed length control field 050907s2005 cau105 g 00| 0 eng d
010 ## - LIBRARY OF CONGRESS CONTROL NUMBER
LC control number DVD-8139-144
020 ## - INTERNATIONAL STANDARD BOOK NUMBER
International Standard Book Number 8903539705922
Terms of availability 399.00
024 ## - OTHER STANDARD IDENTIFIER
Terms of availability 399.00 DVD,
035 ## - SYSTEM CONTROL NUMBER
System control number DVD-8139-144
040 ## - CATALOGING SOURCE
Original cataloging agency DPL
Transcribing agency DPL
092 ## - LOCALLY ASSIGNED DEWEY CALL NUMBER (OCLC)
Classification number DVD / HARR
245 ## - TITLE STATEMENT
Title Harry Potter And The Goblet of Fire
Medium [videorecording] DVD /
Statement of responsibility, etc Warner Bros. Pictures Presents
260 ## - PUBLICATION, DISTRIBUTION, ETC. (IMPRINT)
Name of publisher, distributor, etc Reliance Big Entertainment,
Place of publication, distribution, etc Mumbai:
Date of publication, distribution, etc c2011
270 ## - ADDRESS
Address Jawharlal Nehru Road, Santacruz(E),
City Mumbai
State or province 400055
Telephone number 022-30669666
300 ## - PHYSICAL DESCRIPTION
Extent DVD(151 min.)
Other physical details sd., col. ;
Dimensions 4-3/4 in.
Type of unit DVD
306 ## - PLAYING TIME
Playing time 151 min
500 ## - GENERAL NOTE
General note Distributor in India : Reliance Big Entertainment
500 ## - GENERAL NOTE
General note Special Features: Additional Scenes- Conversation with the cast., Preparing for the Ball, Reflections on the Fourth Film<br/>
508 ## - CREATION/PRODUCTION CREDITS NOTE
Creation/production credits note Director of photography, Oliver Wood ; art directors, Shepherd Frankel, Don Macaulay ; editor, William Hoy ; music, Miri Ben-Ari, John Ottman ; costume designer, Jose Fernandez, Wendy Partridge ; production designer, Bill Boes ; visual effects supervisors
538 ## - SYSTEM DETAILS NOTE
System details note Dolby digital 5.1, English Subtitles: English, Arabic, Greek, Icelandic
538 ## - SYSTEM DETAILS NOTE
System details note Aspect Ratio 2:40.1,Presentation Type: Wide Screen, Presentation Size: 16x9 , Format: DVD 9 Dual Layer Single Sided Disc. Layer Transition may trigger a slight pause.
650 ## - SUBJECT ADDED ENTRY--TOPICAL TERM
Topical term or geographic name as entry element Motion Picture
9 (RLIN) 32512
700 ## - ADDED ENTRY--PERSONAL NAME
Personal name Radcliffe, Daniel
9 (RLIN) 32513
700 ## - ADDED ENTRY--PERSONAL NAME
Personal name Grint, Rupert
9 (RLIN) 32514
700 ## - ADDED ENTRY--PERSONAL NAME
Personal name Wattson, Emma
9 (RLIN) 32515
700 ## - ADDED ENTRY--PERSONAL NAME
Personal name Coltrane, Robbie
9 (RLIN) 32516
700 ## - ADDED ENTRY--PERSONAL NAME
Personal name Gambon, Michael
9 (RLIN) 32517
700 ## - ADDED ENTRY--PERSONAL NAME
Personal name Gleeeson, Brendan
9 (RLIN) 32518
700 ## - ADDED ENTRY--PERSONAL NAME
Personal name Fiennes, Ralph
9 (RLIN) 32519
942 ## - ADDED ENTRY ELEMENTS (KOHA)
Koha item type CD-ROMs, DVDs, VHS
Source of classification or shelving scheme Dewey Decimal Classification
Classification part DVD
Call number suffix HARY
Holdings
Withdrawn status Lost status Source of classification or shelving scheme Damaged status Not for loan Collection code Home library Current library Date acquired Source of acquisition Cost, normal purchase price Total Checkouts Full call number Barcode Date last seen Date checked out Copy number Cost, replacement price Price effective from Koha item type
    Dewey Decimal Classification     Fiction Central Library Central Library 11/08/2011 Pioneer/315/19.7.11/02/29.7.11 399.00 4 DVD HARY DVD-008139 30/08/2014 19/08/2014 1 399.00 11/08/2011 CD-ROMs, DVDs, VHS
    Dewey Decimal Classification     Fiction Karol Bagh Karol Bagh 11/08/2011 Pioneer/315/19.7.11/02/29.7.11 399.00 2 DVD HARY DVD-008142 21/06/2012 09/06/2012 1 399.00 11/08/2011 CD-ROMs, DVDs, VHS
    Dewey Decimal Classification     Fiction Narela Narela 11/08/2011 Pioneer/315/19.7.11/02/29.7.11 399.00   DVD HARY DVD-008144 11/08/2011   1 399.00 11/08/2011 CD-ROMs, DVDs, VHS
    Dewey Decimal Classification     Fiction Patel Nagar Patel Nagar 11/08/2011 Pioneer/315/19.7.11/02/29.7.11 399.00 1 DVD HARY DVD-008140 12/06/2013 30/05/2013 1 399.00 11/08/2011 CD-ROMs, DVDs, VHS
    Dewey Decimal Classification     Fiction Sarojini Nagar Sarojini Nagar 11/08/2011 Pioneer/315/19.7.11/02/29.7.11 399.00   DVD HARY DVD-008141 11/08/2011   1 399.00 11/08/2011 CD-ROMs, DVDs, VHS
    Dewey Decimal Classification     Fiction Shahdara Branch Shahdara Branch 11/08/2011 Pioneer/315/19.7.11/02/29.7.11 399.00   DVD HARY DVD-008143 11/08/2011   1 399.00 11/08/2011 CD-ROMs, DVDs, VHS

© Delhi Public Library
Hit Counter
free hit counter